My Top 30 MCU Character's - Statistics

General Stats
  • This quiz has been taken 33 times
  • The average score is 20 of 30
Answer Stats
Hint Answer % Correct
1 Captain America
100%
12 Black Widow
95%
11 Hawkeye
95%
2 Iron Man
95%
5 Thor
95%
6 Hulk
90%
4 Spider-Man
90%
16 Black Panther
86%
28 Gamora
86%
7 Groot
86%
10 Loki
86%
3 Star-Lord
86%
17 Ant-Man
81%
18 Doctor Strange
81%
22 Scarlet Witch
81%
8 Drax
76%
26 Captain Marvel
71%
19 War Machine
71%
30 Wasp
71%
20 Winter Soldier
71%
9 Nick Fury
67%
21 Nebula
62%
15 Vision
52%
24 Maria Hill
33%
27 Shang-Chi
33%
29 Quicksilver
29%
13 Rocket Racoon
24%
25 Valkyrie
24%
23 Mbaku
14%
14 Agent Coulson
10%
No matching quizzes found
Score Distribution
Percent of People with Each Score
Percentile by Number Answered
Your Score History
You have not taken this quiz